000
002480000a22000970004500
100
1
_a
Westhead, Nigel
245
1
0
_a
Evangelicals and sabbath keeping in the 1990s
300
_a
Vol. 13, Núm 2 (1995), Páginas 48-61
773
0
_t
Evangel
942
_c
ANA
999
_c
54214
_d
54214